Zvláštny rok 2007, ako to bude ďalej?

Bibliographic Details
Main Author: Lapin, Milan, 1948- (Author)
Format: Article
Language:Slovak
PhysicalDescription:Graf, fotogr.
ISSN:1335-4000
Subjects:

MARC

LEADER 00000nab a2200000 a 4500
001 vtls009277212
003 SK-MaSNL
005 20260304151359.0
008 250506c2008 xo |||||||||||000 b|slo
015 |a SNBRB2008/03  |2 snkbucl 
035 |a (uuid)9d334eb9-a137-4952-af2f-3e4bcee5edc6 
035 |a urn:nbn:sk:snk-ab2x0g 
035 |a (urnnbn)urn:nbn:sk:snk:ar-a031yo 
038 |a SNKBUCL 
040 |a SNKBUCL  |b slo  |c SNKBUCL  |e AACR2 
041 0 |a slo 
044 |a xo  |c SK 
080 |a 551.583  |2 2001 
080 |a 551.515  |2 2001 
100 1 |a Lapin, Milan,  |d 1948-  |4 aut  |9 107684 
245 1 0 |a Zvláštny rok 2007, ako to bude ďalej?  |c Milan Lapin 
300 |b Graf, fotogr. 
650 0 7 |a počasie  |2 SNKPH  |9 942 
650 0 7 |a klimatické zmeny  |2 SNKPH  |9 3351 
773 0 |t Quark  |g Roč. XIV, č. 3 (2008), s. 16-17  |x 1335-4000 
850 |a Slovenská národná knižnica 
852 |a Slovenská národná knižnica 
954 |a odborná, vedecká literatúra pôvodná (slovenská)  |2 lita 
958 |a article2022 
958 |a OND 
958 |a EUIPO 
999 |c 2943244  |d 2945174